Компьютерный практикум по курсу "Информатика". Работа в Windows XP, Word 2003, Excel 2003, PowerPoint 2003, Outlook 2003, PROMT Family 7.0, Интернет: учебное пособие

Detalles Bibliográficos
Autor Principal: Безручко В. Т. Валерия Тимофеевна
Summary:Рассмотрены интерфейс и технология работы в операционной системе Windows ХР и ее стандартных приложениях, а также вопросы компьютерной безопасности. Приведено большое количество практических заданий, сгруппированных в 16 работ для выполнения на компьютере при проведении аудиторных занятий. Практические работы ориентированы на использование русифицированных версий операционной системы Windows ХР, прикладных программ пакета Microsoft Office 2003 (Word, Excel, PowerPoint, Outlook Express), системы автоматизированного перевода документов PROMT Family 7.0 и работу в сети Интернет. Максимальный эффект дает параллельное использование курса лекций [1] и компьютерного практикума. Для преподавателей и студентов вузов, а также для широкого круга специалистов, желающих самостоятельно освоить компьютерные технологии работы с документами.
Idioma:ruso
Publicado: Москва, Форум, 2014
Edición:3-е изд., перераб. и доп.
Series:Высшее образование
Subjects:
Formato: MixedMaterials
KOHA link:https://koha.lib.tpu.ru/cgi-bin/koha/opac-detail.pl?biblionumber=269844

MARC

LEADER 00000nmm0a2200000 4500
001 269844
005 20231031224629.0
010 |a 9785819903308 
010 |a 978-5-16-003131-6 
035 |a (RuTPU)RU\TPU\book\293022 
090 |a 269844 
100 |a 20140922d2014 m y0rusy50 ca 
101 0 |a rus 
102 |a RU 
105 |a a j 001zy 
200 1 |a Компьютерный практикум по курсу "Информатика". Работа в Windows XP, Word 2003, Excel 2003, PowerPoint 2003, Outlook 2003, PROMT Family 7.0, Интернет  |e учебное пособие  |f В. Т. Безручко 
205 |a 3-е изд., перераб. и доп. 
210 |a Москва  |c Форум  |c Инфра-М  |d 2014 
215 |a 368 с.  |c ил.  |e CD 
225 1 |a Высшее образование 
320 |a Библиогр.: с. 266. 
330 |a Рассмотрены интерфейс и технология работы в операционной системе Windows ХР и ее стандартных приложениях, а также вопросы компьютерной безопасности. Приведено большое количество практических заданий, сгруппированных в 16 работ для выполнения на компьютере при проведении аудиторных занятий. Практические работы ориентированы на использование русифицированных версий операционной системы Windows ХР, прикладных программ пакета Microsoft Office 2003 (Word, Excel, PowerPoint, Outlook Express), системы автоматизированного перевода документов PROMT Family 7.0 и работу в сети Интернет. Максимальный эффект дает параллельное использование курса лекций [1] и компьютерного практикума. Для преподавателей и студентов вузов, а также для широкого круга специалистов, желающих самостоятельно освоить компьютерные технологии работы с документами. 
606 1 |a Информатика  |2 stltpush  |3 (RuTPU)RU\TPU\subj\36202 
610 1 |a операционные системы 
610 1 |a стандартные программы 
610 1 |a Windows XP 
610 1 |a компьютерная безопасность 
610 1 |a текстовые процессоры 
610 1 |a иллюстрации 
610 1 |a создание 
610 1 |a таблицы 
610 1 |a диаграммы 
610 1 |a формулы 
610 1 |a электронные формы 
610 1 |a шаблоны 
610 1 |a презентации 
610 1 |a табличные процессоры 
610 1 |a электронные таблицы 
610 1 |a вычисления 
610 1 |a компьютерные сети 
610 1 |a Интернет 
610 1 |a автоматизированный перевод 
610 1 |a Word 
610 1 |a Excel 
610 1 |a PowerPoint 
610 1 |a Outlook 
610 1 |a учебные пособия 
610 1 |a компьютерные практикумы 
675 |a 004(076.5)  |v 4 
700 1 |a Безручко  |b В. Т.  |g Валерия Тимофеевна 
801 1 |a RU  |b 63413507  |c 20140922 
801 2 |a RU  |b 63413507  |c 20221209  |g RCR 
900 |a Информатика 
900 |a Компьютерные технологии 
942 |c MX 
951 |l 8 
955 |l 8 
959 |a 130/20140919  |d 2  |e 419,90  |f ЧЗТЛ:1  |f АНЛ:1